[Event "NED-chT 2324"]
[Site "Netherlands"]
[Date "2023.09.16"]
[Round "1.9"]
[White "Praet, Maarten"]
[Black "Buscher, Michael"]
[Result "1/2-1/2"]
[WhiteElo "2220"]
[BlackElo "2315"]
[PlyCount "42"]
[EventDate "2023.09.16"]
[EventType "team-tourn"]
[EventRounds "9"]
[EventCountry "NED"]
[SourceTitle "EXT 2024"]
[Source "ChessBase"]
[SourceDate "2023.10.10"]
[SourceVersion "1"]
[SourceVersionDate "2023.10.10"]
[SourceQuality "1"]
[WhiteTeam "Charlois Europoort"]
[BlackTeam "Zuid Limburg"]
[WhiteTeamCountry "NED"]
[BlackTeamCountry "NED"]

1. e4 c5 2. Nf3 d6 3. Bb5+ Bd7 4. Bxd7+ Qxd7 5. c4 Nc6 6. Nc3 g6 7. d4 cxd4 8. Nxd4 Bg7 9. Be3 Nf6 10. f3 0-0 11. 0-0 Rfc8 12. b3 Qd8 13. Rc1 a6 14. Rf2 Rab8 15. Nxc6 Rxc6 16. Rd2 Qe8 17. Nd5 Nxd5 18. cxd5 Rxc1 19. Qxc1 Rc8 20. Rc2 Rxc2 21. Qxc2 Qd7 1/2-1/2

[Event "Leuven op 19th"]
[Site "Leuven"]
[Date "2007.??.??"]
[Round "6"]
[White "Helsen, Steff"]
[Black "Praet, Maarten"]
[Result "0-1"]
[WhiteElo "2145"]
[BlackElo "2245"]
[PlyCount "112"]
[EventDate "2007.11.??"]
[EventType "swiss"]
[EventRounds "7"]
[EventCountry "BEL"]
[SourceTitle "EXT 2010"]
[Source "ChessBase"]
[SourceDate "2010.11.25"]
[SourceVersion "1"]
[SourceVersionDate "2010.11.25"]
[SourceQuality "1"]

1. d4 Nf6 2. Bg5 d5 3. Bxf6 exf6 4. Nd2 Bd6 5. e3 0-0 6. g3 Be6 7. Ne2 c6 8. Bg2 Bg4 9. 0-0 Nd7 10. c4 dxc4 11. Nxc4 Nb6 12. Nxd6 Qxd6 13. Qc2 Bxe2 14. Qxe2 f5 15. a3 Rfe8 16. Qc2 Qd7 17. b4 h5 18. Qc5 g6 19. a4 Qe7 20. a5 Nd5 21. b5 a6 22. Qxe7 Nxe7 23. bxc6 bxc6 24. Rfc1 Rec8 25. Rc5 Rab8 26. Bf1 Ra8 27. Rac1 Rcb8 28. Bd3 Kf8 29. Rb1 Rxb1+ 30. Bxb1 Ke8 31. Rc3 Kd7 32. Rb3 Kc7 33. Bd3 Nc8 34. e4 fxe4 35. Bxe4 Nd6 36. Bg2 Nc4 37. d5 Rd8 38. Rc3 Nxa5 39. dxc6 Rd1+ 40. Bf1 Nxc6 41. Kg2 a5 42. f4 Kb6 43. f5 g5 44. Be2 Rd2 45. Kf1 g4 46. Rb3+ Nb4 47. Bc4 Rd7 48. Re3 Kc5 49. Bb3 Kd4 50. Ke2 Ra7 51. f6 a4 52. Bxa4 Rxa4 53. Re7 Ra2+ 54. Kd1 Nd5 55. Rxf7 Rxh2 56. Rd7 Rg2 0-1

[Event "Leuven op 19th"]
[Site "Leuven"]
[Date "2007.??.??"]
[Round "7"]
[White "Praet, Maarten"]
[Black "Wiley, Tom E"]
[Result "1/2-1/2"]
[WhiteElo "2245"]
[BlackElo "2330"]
[PlyCount "95"]
[EventDate "2007.11.??"]
[EventType "swiss"]
[EventRounds "7"]
[EventCountry "BEL"]
[SourceTitle "EXT 2010"]
[Source "ChessBase"]
[SourceDate "2010.11.25"]
[SourceVersion "1"]
[SourceVersionDate "2010.11.25"]
[SourceQuality "1"]

1. e4 e6 2. d3 d5 3. Nd2 Nf6 4. Ngf3 b6 5. g3 Bc5 6. e5 Nfd7 7. c3 f6 8. d4 Be7 9. exf6 Bxf6 10. Bd3 c5 11. 0-0 cxd4 12. cxd4 Ba6 13. Bxa6 Nxa6 14. Re1 Kf7 15. Qe2 Nc7 16. Nb3 Re8 17. Bf4 Rc8 18. Rac1 Nf8 19. Ne5+ Bxe5 20. Bxe5 Ng6 21. Rc3 Qd7 22. Rec1 Na8 23. Qa6 Rxc3 24. Rxc3 Ne7 25. Nd2 Kg8 26. Nf3 Nc6 27. a3 Rf8 28. Bf4 h6 29. h4 Re8 30. Kg2 Rf8 31. Qd3 Rc8 32. Ne5 Nxe5 33. Rxc8+ Qxc8 34. Bxe5 Qb7 35. g4 b5 36. g5 hxg5 37. hxg5 Qe7 38. f4 Nb6 39. Qxb5 Qf7 40. b3 Qg6 41. Kg3 Kh7 42. Qc6 Qd3+ 43. Kh4 Qf3 44. Qc2+ Kg8 45. g6 Nd7 46. Qc8+ Nf8 47. Bd6 Qf2+ 48. Kh3 1/2-1/2

[Event "BEL-chT 0607"]
[Site "Belgium"]
[Date "2006.11.19"]
[Round "4"]
[White "Praet, Maarten"]
[Black "Saiboulatov, Danial"]
[Result "1-0"]
[WhiteElo "2230"]
[BlackElo "2427"]
[PlyCount "73"]
[EventDate "2006.10.01"]
[EventType "team-tourn"]
[EventRounds "11"]
[EventCountry "BEL"]
[SourceTitle "CBM 115 Extra"]
[Source "ChessBase"]
[SourceDate "2007.01.10"]
[SourceVersion "1"]
[SourceVersionDate "2007.01.10"]
[SourceQuality "1"]
[WhiteTeam "Leuven Centraal"]
[BlackTeam "Charleroi CREC"]
[WhiteTeamCountry "BEL"]
[BlackTeamCountry "BEL"]

1. e4 e6 2. d3 d5 3. Nd2 c5 4. Ngf3 Nf6 5. g3 b6 6. Bg2 Nc6 7. 0-0 Be7 8. Re1 0-0 9. e5 Nd7 10. h4 Qc7 11. Qe2 a5 12. Nf1 Ba6 13. c3 a4 14. a3 b5 15. Bf4 b4 16. Ne3 bxc3 17. bxc3 Rab8 18. Nxd5 exd5 19. e6 Bd6 20. Bxd6 Qxd6 21. exd7 Qxd7 22. Ne5 Nxe5 23. Qxe5 Bxd3 24. Bxd5 c4 25. Qh5 Rb3 26. Re5 Rxc3 27. Rae1 Bg6 28. Qg5 h6 29. Qf4 Rd3 30. Qxc4 h5 31. Bc6 Qa7 32. Qb4 Qb8 33. Qxa4 Qd6 34. Ra5 Rxg3+ 35. fxg3 Qxg3+ 36. Kf1 Bd3+ 37. Re2 1-0

[Event "BEL-chT 0607"]
[Site "Belgium"]
[Date "2006.10.01"]
[Round "1"]
[White "Praet, Maarten"]
[Black "Sebag, Marie"]
[Result "0-1"]
[WhiteElo "2205"]
[BlackElo "2415"]
[PlyCount "90"]
[EventDate "2006.10.01"]
[EventType "team-tourn"]
[EventRounds "11"]
[EventCountry "BEL"]
[SourceTitle "EXT 2007"]
[Source "ChessBase"]
[SourceDate "2006.11.23"]
[SourceVersion "1"]
[SourceVersionDate "2006.11.23"]
[SourceQuality "1"]
[WhiteTeam "Leuven Centraal"]
[BlackTeam "Liege Crelel"]
[WhiteTeamCountry "BEL"]
[BlackTeamCountry "BEL"]

1. e4 e5 2. Nf3 Nc6 3. d4 exd4 4. Nxd4 Nf6 5. Nc3 Bb4 6. Nxc6 bxc6 7. Bd3 d5 8. exd5 cxd5 9. 0-0 0-0 10. Bg5 c6 11. Qf3 Be7 12. Rfe1 Re8 13. Ne2 h6 14. Bf4 c5 15. c4 Be6 16. Rad1 d4 17. h3 Qa5 18. g4 Nh7 19. Ng3 Ng5 20. Qg2 Bf8 21. Bd2 Qa6 22. b3 Bd7 23. Bxg5 hxg5 24. Qd5 Qc6 25. Qxg5 Rxe1+ 26. Rxe1 Re8 27. Rxe8 Bxe8 28. Be4 Qe6 29. Qd5 Qxd5 30. Bxd5 g6 31. Kg2 Kg7 32. Kf3 Kf6 33. Ne4+ Ke5 34. Kg3 d3 35. Kf3 f5 36. Ng5 Kd4 37. Ne6+ Kc3 38. Ke3 Bd6 39. Bf3 Be5 40. Bd1 Bf7 41. gxf5 gxf5 42. f4 Bf6 43. Nf8 Bd4+ 44. Kf3 Kd2 45. Nd7 Kxd1 0-1

[Event "BEL-chT 0304"]
[Site "Belgium"]
[Date "2003.12.14"]
[Round "1.8"]
[White "Praet, Maarten"]
[Black "De Wit, Dick"]
[Result "1/2-1/2"]
[WhiteElo "2189"]
[BlackElo "2186"]
[PlyCount "26"]
[EventDate "2003.10.01"]
[EventType "team"]
[EventRounds "11"]
[EventCountry "BEL"]
[SourceTitle "CBM 097 Extra"]
[Source "ChessBase"]
[SourceDate "2004.01.13"]
[SourceVersion "1"]
[SourceVersionDate "2004.01.13"]
[SourceQuality "1"]
[WhiteTeam "Leuven"]
[BlackTeam "Gent"]
[WhiteTeamCountry "BEL"]
[BlackTeamCountry "BEL"]

1. e4 c5 2. c3 Nf6 3. e5 Nd5 4. d4 cxd4 5. Nf3 Nc6 6. Bc4 Nb6 7. Bb3 d5 8. exd6 Qxd6 9. cxd4 e6 10. Nc3 Be7 11. a3 0-0 12. Qd3 Rd8 13. Nb5 Ne5 1/2-1/2

[Event "BEL-chT 0203"]
[Site "Belgium"]
[Date "2003.01.12"]
[Round "6.6"]
[White "Tiggelman, Rene"]
[Black "Praet, Maarten"]
[Result "1/2-1/2"]
[WhiteElo "2179"]
[BlackElo "2193"]
[PlyCount "73"]
[EventDate "2002.10.06"]
[EventType "team"]
[EventRounds "11"]
[EventCountry "BEL"]
[SourceTitle "EXT 2004"]
[Source "ChessBase"]
[SourceDate "2003.11.25"]
[SourceVersion "1"]
[SourceVersionDate "2003.11.25"]
[SourceQuality "1"]
[WhiteTeam "Jean Jaures"]
[BlackTeam "Leuven"]
[WhiteTeamCountry "BEL"]
[BlackTeamCountry "BEL"]

1. Nf3 Nf6 2. d4 g6 3. c4 c5 4. Nc3 cxd4 5. Nxd4 Bg7 6. g3 Nc6 7. Bg2 0-0 8. 0-0 Nxd4 9. Qxd4 d6 10. Qe3 Qc7 11. b3 Bd7 12. Bb2 a6 13. Rac1 Rfe8 14. Rfd1 Bc6 15. Qd2 Bxg2 16. Kxg2 Qc6+ 17. Kg1 Rac8 18. Nd5 Nxd5 19. cxd5 Qb5 20. Bxg7 Kxg7 21. Rc2 Rxc2 22. Qxc2 Qc5 23. Qe4 h5 24. Rd4 b5 25. a4 e5 26. dxe6 Rxe6 27. Qd3 Rxe2 28. Qxe2 Qxd4 29. axb5 axb5 30. Qxb5 d5 31. Qa4 Qd1+ 32. Kg2 d4 33. Qd7 d3 34. Qd4+ Kh7 35. Qd5 Kg7 36. Qd4+ Kh7 37. Qd5 1/2-1/2

[Event "BEL-chT 0203"]
[Site "Belgium"]
[Date "2002.12.23"]
[Round "5.6"]
[White "Praet, Maarten"]
[Black "Gulbas, Cemil"]
[Result "0-1"]
[WhiteElo "2193"]
[BlackElo "2303"]
[PlyCount "70"]
[EventDate "2002.10.06"]
[EventType "team"]
[EventRounds "11"]
[EventCountry "BEL"]
[SourceTitle "EXT 2004"]
[Source "ChessBase"]
[SourceDate "2003.11.25"]
[SourceVersion "1"]
[SourceVersionDate "2003.11.25"]
[SourceQuality "1"]
[WhiteTeam "Leuven"]
[BlackTeam "Liege Crelel"]
[WhiteTeamCountry "BEL"]
[BlackTeamCountry "BEL"]

1. e4 d6 2. d4 Nf6 3. Nc3 g6 4. Nf3 Bg7 5. h3 c6 6. Be2 Qc7 7. Be3 Nbd7 8. a4 0-0 9. g4 e5 10. dxe5 dxe5 11. Bc4 b6 12. Qd2 a6 13. 0-0 Bb7 14. Rfd1 Rad8 15. Qd6 Qxd6 16. Rxd6 b5 17. Rad1 bxc4 18. g5 Rb8 19. gxf6 Nxf6 20. Ba7 Ra8 21. Bb6 Nh5 22. Nd2 Nf4 23. Nxc4 Nxh3+ 24. Kh2 Ng5 25. Na5 Bc8 26. Nxc6 Bg4 27. R1d3 h5 28. Bd8 Nf3+ 29. Kg3 Nd4 30. R3xd4 exd4 31. Nd5 Rfxd8 32. Rxd8+ Rxd8 33. Nxd8 Bd1 34. f4 Bxc2 35. e5 d3 0-1

[Event "BEL-chT 0102"]
[Site "Belgium"]
[Date "2002.10.12"]
[Round "7"]
[White "Van der Linden, Bert"]
[Black "Praet, Maarten"]
[Result "1-0"]
[WhiteElo "2235"]
[BlackElo "2193"]
[PlyCount "93"]
[EventDate "2001.10.14"]
[EventType "team"]
[EventRounds "11"]
[EventCountry "BEL"]
[SourceTitle "EXT 2003"]
[Source "ChessBase"]
[SourceDate "2002.11.25"]
[SourceVersion "1"]
[SourceVersionDate "2002.11.25"]
[SourceQuality "1"]

1. e4 c5 2. Nf3 g6 3. d4 cxd4 4. Nxd4 Bg7 5. c4 Nc6 6. Be3 Nf6 7. Nc3 Ng4 8. Qxg4 Nxd4 9. Qd1 Ne6 10. Qd2 Qa5 11. Rc1 b6 12. Be2 Bb7 13. f3 d6 14. 0-0 Rc8 15. a3 g5 16. b4 Qe5 17. g3 Rg8 18. Nd5 h5 19. Bd3 h4 20. f4 gxf4 21. gxf4 Qh5 22. Kh1 Nd4 23. Qf2 e6 24. Bxd4 exd5 25. exd5 Bxd5+ 26. cxd5 Qxd5+ 27. Qg2 Qxg2+ 28. Kxg2 Bxd4+ 29. Kf3 Ke7 30. Ba6 Rxc1 31. Rxc1 Bg1 32. Rc7+ Kf6 33. Bc4 Rg7 34. h3 a5 35. Ke4 axb4 36. axb4 Rg3 37. Rxf7+ Kg6 38. f5+ Kh6 39. Rf6+ Kh7 40. Rf7+ Rg7 41. Rf6 Re7+ 42. Be6 Bh2 43. Rf8 Kg7 44. Rg8+ Kh7 45. Kd5 Rxe6 46. fxe6 Kxg8 47. Kc6 1-0

[Event "BEL-chT 9900"]
[Site "Antwerp"]
[Date "2000.02.06"]
[Round "9"]
[White "Groffen, Hans"]
[Black "Praet, Maarten"]
[Result "1-0"]
[WhiteElo "2215"]
[BlackElo "2219"]
[PlyCount "81"]
[EventDate "1999.10.08"]
[EventType "team"]
[EventRounds "11"]
[EventCountry "BEL"]
[SourceTitle "CBM 075 Extra"]
[Source "ChessBase"]
[SourceDate "2000.05.11"]
[SourceVersion "2"]
[SourceVersionDate "2000.05.11"]
[SourceQuality "1"]

1. d4 Nf6 2. c4 c5 3. d5 b5 4. cxb5 a6 5. e3 axb5 6. Bxb5 Qa5+ 7. Nc3 Bb7 8. Nge2 Bxd5 9. 0-0 Bc6 10. Bxc6 Nxc6 11. Nf4 e6 12. e4 c4 13. Qe2 Bc5 14. Qxc4 0-0 15. Nd3 Ba7 16. b4 Qh5 17. Nf4 Qe5 18. Nfe2 g5 19. Bb2 Rfc8 20. Nd1 Qxe4 21. Qc1 Qg6 22. Qb1 Qxb1 23. Rxb1 Ne4 24. Bc1 Nd4 25. Nxd4 Bxd4 26. Re1 d5 27. Re2 g4 28. a3 f5 29. g3 Bb6 30. Ra2 d4 31. Bf4 d3 32. a4 Rc2 33. Ra3 Nxf2 34. Nxf2 Rxf2 35. Kh1 Rc8 36. a5 d2 37. axb6 Rxf4 38. b7 Rc1+ 39. Kg2 Rxb4 40. Rxb4 Rg1+ 41. Kf2 1-0

[Event "BEL-chT 9899"]
[Site "Antwerp"]
[Date "1999.03.??"]
[Round "8"]
[White "Knoppert, Erik"]
[Black "Praet, Maarten"]
[Result "1/2-1/2"]
[WhiteElo "2382"]
[BlackElo "2190"]
[PlyCount "66"]
[EventDate "1998.10.??"]
[EventType "team"]
[EventRounds "11"]
[EventCountry "BEL"]
[SourceTitle "EXT 2000"]
[Source "ChessBase"]
[SourceDate "1999.11.16"]
[SourceVersion "1"]
[SourceVersionDate "1999.11.16"]
[SourceQuality "1"]

1. e4 c5 2. Ne2 g6 3. c4 Bg7 4. d4 cxd4 5. Nxd4 Nc6 6. Be3 Nf6 7. Nc3 Ng4 8. Qxg4 Nxd4 9. Qd1 Ne6 10. Qd2 Qa5 11. Rc1 d6 12. Be2 Bd7 13. b3 Bxc3 14. Qxc3 Qxc3+ 15. Rxc3 a6 16. Kd2 b5 17. c5 b4 18. Rc2 Nxc5 19. Bxc5 dxc5 20. Rxc5 0-0 21. Rhc1 a5 22. Rc7 Rfd8 23. Ke3 a4 24. Rd1 axb3 25. axb3 Be6 26. Rxd8+ Rxd8 27. Rxe7 Rc8 28. Bc4 Bxc4 29. bxc4 Rxc4 30. Rb7 Rc3+ 31. Kd2 Rb3 32. Kc2 Rc3+ 33. Kd2 Rb3 1/2-1/2

[Event "BEL-chT 9899"]
[Site "Antwerp"]
[Date "1998.11.08"]
[Round "2"]
[White "Praet, Maarten"]
[Black "Van der Stricht, Geert"]
[Result "0-1"]
[WhiteElo "2190"]
[BlackElo "2355"]
[PlyCount "62"]
[EventDate "1998.10.??"]
[EventType "team"]
[EventRounds "11"]
[EventCountry "BEL"]
[SourceTitle "EXT 2000"]
[Source "ChessBase"]
[SourceDate "1999.11.16"]
[SourceVersion "1"]
[SourceVersionDate "1999.11.16"]
[SourceQuality "1"]

1. e4 c5 2. c3 e6 3. d4 d5 4. exd5 exd5 5. Be3 c4 6. b3 cxb3 7. axb3 Nc6 8. Bd3 Bd6 9. Qf3 Nge7 10. Ne2 Be6 11. h3 Ng6 12. Bf4 Nxf4 13. Nxf4 Qf6 14. Nxe6 Qxe6+ 15. Kd1 0-0 16. Re1 Qh6 17. Qxd5 Rad8 18. Qe4 g6 19. d5 Ne7 20. Rxa7 Nxd5 21. Rxb7 Bc5 22. Kc2 Bxf2 23. Bc4 Bxe1 24. Bxd5 Qg5 25. c4 Qg3 26. Qf3 Qe5 27. Rxf7 Rxf7 28. Qxf7+ Kh8 29. Qe6 Qxe6 30. Bxe6 Kg7 31. Nc3 Rd2+ 0-1

[Event "BEL-chT 9798"]
[Site "Antwerp"]
[Date "1998.??.??"]
[Round "8"]
[White "Meessen, Rudolf"]
[Black "Praet, Maarten"]
[Result "0-1"]
[WhiteElo "2310"]
[BlackElo "2190"]
[PlyCount "73"]
[EventDate "1997.??.??"]
[EventType "team"]
[EventRounds "11"]
[EventCountry "BEL"]
[SourceTitle "EXT 1999"]
[Source "ChessBase"]
[SourceDate "1998.11.16"]
[SourceVersion "1"]
[SourceVersionDate "1998.11.16"]
[SourceQuality "1"]

1. d4 Nf6 2. c4 c5 3. d5 b5 4. cxb5 a6 5. f3 axb5 6. e4 Qa5+ 7. Bd2 b4 8. Na3 d6 9. Nc4 Qd8 10. Bg5 g6 11. Bxf6 exf6 12. a3 bxa3 13. Rxa3 Rxa3 14. bxa3 Nd7 15. Qa4 Be7 16. Ne2 0-0 17. Nc3 f5 18. exf5 Bh4+ 19. g3 Qe7+ 20. Kd2 Bg5+ 21. f4 Bf6 22. Bd3 Bxc3+ 23. Kxc3 Nf6 24. fxg6 Nxd5+ 25. Kc2 hxg6 26. Qa5 Bb7 27. Rb1 Ra8 28. Qe1 Qd7 29. Nxd6 Rxa3 30. Rxb7 Qa4+ 31. Kc1 Rc3+ 32. Kb2 Rxd3 33. Rb8+ Kh7 34. Rh8+ Kxh8 35. Nxf7+ Kg8 36. Nh6+ Kh7 37. Qe5 0-1

[Event "BEL-chA U20"]
[Site "Vielsalm"]
[Date "1997.??.??"]
[Round "?"]
[White "Gulbas, Cemil"]
[Black "Praet, Maarten"]
[Result "1-0"]
[WhiteElo "2170"]
[BlackElo "2210"]
[PlyCount "69"]
[EventDate "1997.??.??"]
[EventType "tourn"]
[EventRounds "9"]
[EventCountry "BEL"]
[SourceTitle "EXT 2001"]
[Source "ChessBase"]
[SourceDate "2000.11.22"]
[SourceVersion "1"]
[SourceVersionDate "2000.11.22"]
[SourceQuality "1"]

1. e4 c5 2. Nf3 g6 3. d4 cxd4 4. Nxd4 Bg7 5. c4 Nc6 6. Nc2 Nf6 7. Nc3 d6 8. Be2 Be6 9. 0-0 Rc8 10. Be3 a6 11. Rc1 0-0 12. b3 Ng4 13. Bd2 f5 14. h3 Nf6 15. exf5 gxf5 16. Bf3 Bd7 17. Bg5 Qa5 18. Ne3 Ne4 19. Bxe4 fxe4 20. Qd5+ Qxd5 21. Nexd5 Rce8 22. Nxe4 Bf5 23. Ng3 e6 24. Nc7 Rc8 25. Nxf5 Rxf5 26. Nxe6 Kf7 27. g4 Ra5 28. Nxg7 Kxg7 29. Be3 Rxa2 30. Ra1 Rb2 31. Rab1 Rxb1 32. Rxb1 Kf6 33. Rd1 Re8 34. Rd5 Ke6 35. f4 1-0

[Event "BEL-ch"]
[Site "Geel"]
[Date "1996.??.??"]
[Round "5"]
[White "Geenen, Marc"]
[Black "Praet, Maarten"]
[Result "1-0"]
[WhiteElo "2330"]
[BlackElo "2235"]
[PlyCount "83"]
[EventDate "1996.??.??"]
[EventType "tourn"]
[EventRounds "9"]
[EventCountry "BEL"]
[EventCategory "3"]
[SourceTitle "EXT 1998"]
[Source "ChessBase"]
[SourceDate "1997.11.17"]
[SourceVersion "1"]
[SourceVersionDate "1997.11.17"]
[SourceQuality "1"]

1. e4 c5 2. Nf3 g6 3. d4 cxd4 4. Nxd4 Bg7 5. Nc3 Nc6 6. Be3 Nf6 7. Bc4 Qa5 8. 0-0 0-0 9. Bb3 d6 10. h3 Bd7 11. f4 Qh5 12. Nf3 b5 13. a3 a5 14. Qd3 a4 15. Bd5 e6 16. Bxc6 Bxc6 17. Bd4 Rfd8 18. Nh2 Nd7 19. Bxg7 Kxg7 20. Qxd6 Qc5+ 21. Qxc5 Nxc5 22. e5 Rd2 23. Rf2 Rad8 24. Nf1 Rxf2 25. Kxf2 f6 26. exf6+ Kxf6 27. Re1 Rd4 28. Ke3 e5 29. fxe5+ Kxe5 30. Nh2 h5 31. Nf3+ Bxf3 32. Kxf3+ Kf5 33. Nxb5 Rf4+ 34. Ke3 Re4+ 35. Kf2 Rf4+ 36. Kg1 h4 37. Rf1 g5 38. Nc3 g4 39. hxg4+ Kxg4 40. Rxf4+ Kxf4 41. Kf2 Kg4 42. Ne2 1-0

[Event "EU-ch U20"]
[Site "Siofok"]
[Date "1996.??.??"]
[Round "7"]
[White "Praet, Maarten"]
[Black "Hausrath, Daniel"]
[Result "0-1"]
[WhiteElo "2235"]
[BlackElo "2440"]
[PlyCount "78"]
[EventDate "1996.08.??"]
[EventType "swiss"]
[EventRounds "11"]
[EventCountry "HUN"]
[SourceTitle "Juniors"]
[Source "ChessBase"]
[SourceDate "1999.07.01"]
[SourceVersion "1"]
[SourceVersionDate "1999.07.01"]
[SourceQuality "1"]

1. e4 g6 2. d4 Bg7 3. Nf3 d6 4. Bc4 Nf6 5. Qe2 c6 6. e5 dxe5 7. dxe5 Nd5 8. Bd2 Nd7 9. Bxd5 cxd5 10. e6 fxe6 11. Bc3 Nf6 12. Nbd2 Bd7 13. 0-0 0-0 14. Rfe1 Nh5 15. Ne5 Nf4 16. Qe3 Bc6 17. Ndf3 Qd6 18. Bd4 Rac8 19. g3 Nh5 20. c3 b6 21. Ng5 Be8 22. a4 h6 23. Ngf3 Nf6 24. a5 Ne4 25. axb6 axb6 26. h4 Rxf3 27. Nxf3 e5 28. Bxb6 Rb8 29. Ba5 Rxb2 30. Bb4 Qf6 31. Re2 Rb3 32. Qd3 Bc6 33. Ra6 Nxg3 34. Rxe5 Ne4 35. Bxe7 Qf4 36. Rxc6 Bxe5 37. Bc5 Qg4+ 38. Kf1 Qh3+ 39. Kg1 Bh2+ 0-1

[Event "EU-ch U20"]
[Site "Siofok"]
[Date "1996.??.??"]
[Round "1"]
[White "Praet, Maarten"]
[Black "Petrov, Jole"]
[Result "1/2-1/2"]
[WhiteElo "2235"]
[BlackElo "2365"]
[PlyCount "92"]
[EventDate "1996.08.??"]
[EventType "swiss"]
[EventRounds "11"]
[EventCountry "HUN"]
[SourceTitle "Juniors"]
[Source "ChessBase"]
[SourceDate "1999.07.01"]
[SourceVersion "1"]
[SourceVersionDate "1999.07.01"]
[SourceQuality "1"]

1. e4 e5 2. Nf3 Nc6 3. d4 exd4 4. Nxd4 Nf6 5. Nc3 Bb4 6. Nxc6 bxc6 7. Bd3 d5 8. exd5 cxd5 9. 0-0 0-0 10. Bg5 c6 11. Qf3 Qd6 12. h3 Ba5 13. Ne2 Bc7 14. Bf4 Qd8 15. c4 Be6 16. Bxc7 Qxc7 17. Nf4 dxc4 18. Nxe6 fxe6 19. Bxc4 Nd5 20. Qe4 Rf6 21. Rae1 Qb6 22. Re2 Raf8 23. g3 Kh8 24. Bd3 g6 25. h4 R8f7 26. Qe5 Kg8 27. h5 gxh5 28. Qxh5 Qd4 29. Be4 Kh8 30. Kg2 Rg7 31. Bxd5 Qxd5+ 32. Qxd5 exd5 33. Re8+ Rg8 34. Rfe1 Rf7 35. R1e7 Kg7 36. Rxf7+ Kxf7 37. Rxg8 Kxg8 38. b4 Kf7 39. Kf3 Ke6 40. Ke3 h5 41. Kd4 Kd6 42. f4 Ke6 43. Kc5 Kf5 44. b5 cxb5 45. Kxd5 Kg4 46. Kc5 Kxg3 1/2-1/2

[Event "EU-ch U20"]
[Site "Siofok"]
[Date "1996.??.??"]
[Round "2"]
[White "Proehl, Holger"]
[Black "Praet, Maarten"]
[Result "1/2-1/2"]
[WhiteElo "2400"]
[BlackElo "2235"]
[PlyCount "133"]
[EventDate "1996.08.??"]
[EventType "swiss"]
[EventRounds "11"]
[EventCountry "HUN"]
[SourceTitle "Juniors"]
[Source "ChessBase"]
[SourceDate "1999.07.01"]
[SourceVersion "1"]
[SourceVersionDate "1999.07.01"]
[SourceQuality "1"]

1. e4 c5 2. c3 g6 3. d4 cxd4 4. cxd4 d5 5. exd5 Nf6 6. Nc3 Bg7 7. Nf3 0-0 8. Bc4 Nbd7 9. Bg5 Nb6 10. Bxf6 Bxf6 11. Bb3 Bg4 12. 0-0 Rc8 13. h3 Bxf3 14. Qxf3 Bxd4 15. Rad1 Bxc3 16. bxc3 Qc7 17. Rfe1 a5 18. Rd4 Qd6 19. Re3 Rc7 20. h4 Rfc8 21. h5 Nc4 22. Re1 Na3 23. Rd3 b5 24. Qe3 a4 25. Bd1 Nc4 26. Qd4 Nb2 27. hxg6 hxg6 28. Rde3 Rc4 29. Qd2 Nxd1 30. Rxd1 Qf6 31. Rf3 Qg7 32. Qe2 R8c7 33. d6 exd6 34. Qe8+ Qf8 35. Qxb5 Rxc3 36. Rxc3 Rxc3 37. Qxa4 Qh6 38. Rxd6 Rc1+ 39. Rd1 Qd2 40. Qe8+ Kg7 41. Qe5+ f6 42. Qc7+ Rxc7 43. Rxd2 Ra7 44. Kf1 Kf7 45. Re2 f5 46. Rc2 Ke6 47. Ke2 Kd5 48. Kf3 g5 49. Rd2+ Ke5 50. Re2+ Kd4 51. Kg3 Ra3+ 52. f3 Kd5 53. Kf2 Kd4 54. Rb2 Ra4 55. Rb5 g4 56. Rxf5 Rxa2+ 57. Kg3 gxf3 58. Rxf3 Ke5 59. Kh3 Ra6 60. Kh4 Ra8 61. g4 Rh8+ 62. Kg3 Ke6 63. Rf5 Ke7 64. Kf3 Rf8 65. Rxf8 Kxf8 66. Kf4 Kg8 67. Kf5 1/2-1/2